<?xml version='1.0' encoding='UTF-8'?>
  <record xmlns="http://www.loc.gov/MARC21/slim">
    <leader>00000cam a22000007i 4500</leader>
    <controlfield tag="001">ocm68008396</controlfield>
    <controlfield tag="003">OCoLC</controlfield>
    <controlfield tag="005">20251113002649.4</controlfield>
    <controlfield tag="008">980616s1858    ne            000 0 dut d</controlfield>
    <datafield tag="040" ind1=" " ind2=" ">
      <subfield code="a">NLGGC</subfield>
      <subfield code="b">dut</subfield>
      <subfield code="e">fobidrtb</subfield>
      <subfield code="c">NLGGC</subfield>
      <subfield code="d">OCLCL</subfield>
      <subfield code="d">OCLCQ</subfield>
    </datafield>
    <datafield tag="029" ind1="0" ind2=" ">
      <subfield code="a">NLGGC</subfield>
      <subfield code="b">170398099</subfield>
    </datafield>
    <datafield tag="035" ind1=" " ind2=" ">
      <subfield code="a">(OCoLC)68008396</subfield>
    </datafield>
    <datafield tag="100" ind1="1" ind2=" ">
      <subfield code="a">Hekmeijer, Willem Jacob Eduard,</subfield>
      <subfield code="d">1805-1882.</subfield>
    </datafield>
    <datafield tag="245" ind1="1" ind2="3">
      <subfield code="a">De Hollandsche vee-arts, of de kunst om de ziekten van paarden, rundvee, schapen, geiten en varkens te kennen en te genezen :</subfield>
      <subfield code="b">voorzien van beproefde voorschriften, om de gebreken der melk, die aan het kaas- en botermaken hinderen, te voorkomen of te herstellen, tevens inhoudende de grondregels hoe te handelen bij moeijelijke en kunstmatige verlossingen der genoemde huisdieren /</subfield>
      <subfield code="c">door W.J.E. Hekmeijer ; [met eene voorrede van F.C. Hekmeijer].</subfield>
    </datafield>
    <datafield tag="260" ind1=" " ind2=" ">
      <subfield code="a">Tiel :</subfield>
      <subfield code="b">A. van Loon,</subfield>
      <subfield code="c">1858.</subfield>
    </datafield>
    <datafield tag="300" ind1=" " ind2=" ">
      <subfield code="a">XII, 292 p. ;</subfield>
      <subfield code="c">19 cm.</subfield>
    </datafield>
    <datafield tag="336" ind1=" " ind2=" ">
      <subfield code="a">tekst</subfield>
      <subfield code="b">txt</subfield>
      <subfield code="2">rdacontent/dut</subfield>
    </datafield>
    <datafield tag="337" ind1=" " ind2=" ">
      <subfield code="a">zonder medium</subfield>
      <subfield code="b">n</subfield>
      <subfield code="2">rdamedia/dut</subfield>
    </datafield>
    <datafield tag="338" ind1=" " ind2=" ">
      <subfield code="a">band</subfield>
      <subfield code="b">nc</subfield>
      <subfield code="2">rdacarrier/dut</subfield>
    </datafield>
    <datafield tag="530" ind1=" " ind2=" ">
      <subfield code="a">Ook beschikbaar in microvorm.</subfield>
    </datafield>
    <datafield tag="758" ind1=" " ind2=" ">
      <subfield code="a">De Hollandsche Vee-arts; of, De kunst om de ziekten van paarden, rundvee, schapen, geiten en varkens te kennen en te genezen, voorzien van beproefde voorschriften, om de gebreken der melk, die aan het kaas- en botermaken hinderen, te voorkomen of te herstellen, tevens inhoudende de grondregels hoe te handelen bij moeijelijke en kunstmatige verlossingen der genoemde huisdieren (Text)</subfield>
      <subfield code="1">https://id.oclc.org/worldcat/entity/E39PD3k8wxcCXbDqQGWJcQKtGb</subfield>
      <subfield code="4">https://id.oclc.org/worldcat/ontology/hasWork</subfield>
    </datafield>
    <datafield tag="936" ind1=" " ind2=" ">
      <subfield code="a">BATCHLOAD</subfield>
    </datafield>
  </record>